|
|
|
|
| LEADER |
00000nam a2200000 a 4500 |
| 001 |
vtls001416333 |
| 003 |
SK-MaSNL |
| 005 |
20260413122139.0 |
| 008 |
240801s2000 xo a r 0 slo |
| 015 |
|
|
|a SNBA2001/11-03830
|
| 020 |
|
|
|a 8096818686
|
| 035 |
|
|
|a SNK000371085
|
| 040 |
|
|
|a SNK
|b slo
|c SNK
|e AACR2
|
| 041 |
0 |
|
|a slo
|
| 044 |
|
|
|a xo
|c SK
|
| 080 |
|
|
|a 885.4-3
|2 1981
|
| 100 |
1 |
|
|a Popovič, Ivan,
|d 1944-
|4 ilu
|9 193310
|
| 245 |
1 |
|
|a Mejdan
|b najlepšie poviedky, grotesky a mystifikácie od autora pochybného bestselleru utešiteľ žien
|c Ivan Popovič
|
| 260 |
|
|
|a Bratislava
|b My Studio
|c 2000
|
| 300 |
|
|
|a 191 s.
|b ilustr.
|c 19 cm
|
| 500 |
|
|
|a Ilustr. na tit. strane
|
| 504 |
|
|
|a Bibliogr. s. 197
|
| 504 |
|
|
|a Ilustr. Ivan Popovič, Michal Pazúr, archív
|
| 650 |
0 |
7 |
|a satirické poviedky, slovenské
|2 SNK
|9 70029
|
| 655 |
|
7 |
|a umelecká literatúra
|2 SNK
|9 60405
|
| 700 |
1 |
|
|a Pazúr, Michal
|4 ill
|9 277987
|
| 852 |
|
|
|a Slovenská národná knižnica
|
| 919 |
|
|
|a 80-968186-8-6
|
| 954 |
|
|
|a beletria pôvodná (slovenská)
|2 lita
|
| 958 |
|
|
|a TL
|
| 958 |
|
|
|a LX
|
| 999 |
|
|
|c 812613
|d 814543
|
| 952 |
|
|
|t P60, <03>, [BOOK], {603}
|a SNK
|b SNK
|y PREZ
|7 0
|p 17A0312329
|o snkSD 71763
|i snkKSP 10010/2001
|0 0
|1 0
|4 0
|d 2001-08-23
|l 0
|r 2005-01-02 00:00:00
|w 2026-02-24
|
| 952 |
|
|
|t P60, <04>, [BOOK], {604}
|a SNK
|b SNK
|y VYP
|7 0
|p 17A0312330
|o snkSD 71763 D1
|i snkKSP 10011/2001
|0 0
|1 0
|4 0
|d 2001-08-23
|l 0
|r 2005-01-02 00:00:00
|w 2026-02-24
|